| 000 | 00602nam a2200229Ia 4500 | ||
|---|---|---|---|
| 008 | 160216s9999 xx 000 0 und d | ||
| 020 | _a1-58255-241- | ||
| 050 | _aMAIN RT 120 | ||
| 050 | _b.I5C75 2003 | ||
| 245 | _aCritical care challenges : | ||
| 245 | _bdisorders, treatments, and procedures / | ||
| 260 | _aSpringhouse, PA : | ||
| 260 | _bLippincott Williams & Wilkins. | ||
| 260 | _c2003 | ||
| 300 | _a722 pages : | ||
| 300 | _bill. ; | ||
| 300 | _c21 cm. | ||
| 500 | _aIncludes index. | ||
| 650 | _aCritical care -- | ||
| 650 | _aIntensive care nursing. | ||
| 650 | _xMethods. | ||
| 999 |
_c290887 _d290887 |
||